Score 0/20 Timer 04:00
0 Plays Today
One Tree hill things about lucas % Correct
Married to Peyton
90.8%
Who does he save multipile time?peyton
90.8%
He awnsered oh when this person told them they love himpeyton
90.8%
When asked to marry she said someday, who was that person?peyton
90.8%
Dad is Dan
89.1%
Almost shotdan
89.1%
What is Lucas middle name?Eugene
87.4%
Dead uncles name is Keith
84%
Got in an accident with keith
84%
Almost had a baby with Brooke
82.4%
One Tree hill things about lucas % Correct
Destroyed relationship twice withBrooke
82.4%
Nephew is Jamie
80.7%
Kids name is Sawyer
76.5%
Best friend is Haley
73.1%
What is the name of his first novelravens
67.2%
Small town coach of the ravens
67.2%
Niece name is Lydia
63%
What is the name of his second novelthe comet
57.1%
Brothers toNathan and Lily
38.7%
Was left at the altar by...Linsday
22.7%
Remove Ads.
Support Sporcle.
Get the best of Sporcle when you Go Orange. This ad-free experience offers more features, more stats, and more fun while also helping to support Sporcle. Thank you for becoming a member.

You're not logged in!

Compare scores with friends on all Sporcle quizzes.
OR
Log In

Show Comments

Extras

Created Jul 26, 2012ReportNominate
Tags:hill, luck, scott, tree

Top Quizzes Today


Score Distribution

Your Account Isn't Verified!

In order to create a playlist on Sporcle, you need to verify the email address you used during registration. Go to your Sporcle Settings to finish the process.

Report this User

Report this user for behavior that violates our Community Guidelines.

Details: